Statistics for Country Flags Quiz #1

Click here to take the quiz!

General Stats

  • This quiz has been taken 1,196,117 times
    (1,195,914 since last reset)
  • The average score is 18 of 20

Answer Stats

Answer% Correct
United States
100%
United Kingdom
98%
Canada
98%
Japan
97%
China
96%
France
96%
Australia
95%
Brazil
95%
Italy
94%
Israel
91%
Sweden
90%
Greece
87%
Mexico
86%
Norway
86%
Ireland
85%
Russia
84%
Jamaica
83%
South Africa
83%
Netherlands
77%
Iran
74%

Score Distribution

Percentile by Number Answered

Percent of People with Each Score

Your Score History

You have not taken this quiz since the last reset